| 000 | 00438nam a22001697a 4500 | ||
|---|---|---|---|
| 003 | NUST - PNEC | ||
| 005 | 20170116181036.0 | ||
| 008 | 150919b xxu||||| |||| 00| 0 eng d | ||
| 020 | _a0070451036 | ||
| 040 | _cLIBRARY | ||
| 082 | _a621.462 MCI | ||
| 100 |
_911407 _aMcIntyre, R. L. |
||
| 245 |
_aElectric motor control fundamentals _cR. L. McIntyre |
||
| 260 | _cc.1960 | ||
| 650 |
_911408 _aAutomatic control _xEE |
||
| 942 |
_2ddc _cBK |
||
| 999 |
_c67946 _d67946 |
||